Précis de technique opératoire : par les prosecteurs de la faculté de médicine de Paris : chirurgie du thorax et du membre inférieur /

Đã lưu trong:
Chi tiết về thư mục
Tác giả chính: Labey, Georges (autor)
Định dạng: Sách
Ngôn ngữ:Tiếng Pháp
Được phát hành: París, Francia : Masson, 1918, c1918
Phiên bản:4a edición
Loạt:[Précis de Technique Opératoire ; 5)
Những chủ đề:
Các nhãn: Thêm thẻ
Không có thẻ, Là người đầu tiên thẻ bản ghi này!

MARC

LEADER 00000nam^a2200000^a^4500
001 000365662
005 20250526000000.0
009 20260310115650.679
037 |a Acervo ITESO - Biblioteca 
041 |a FRA 
082 |a 617. 5  |b PRE V. 5 
100 |a Labey, Georges  |e (autor) 
240 1 1 |a [Précis de technique opératoire] 
245 1 0 |a Précis de technique opératoire :  |b par les prosecteurs de la faculté de médicine de Paris : chirurgie du thorax et du membre inférieur /  |c G. Labey. 
250 |a 4a edición 
264 4 |a París, Francia :  |b Masson,  |c 1918, c1918 
300 |a XIX, 240 p. ;  |c 19.5 cm. 
336 |a texto  |b txt  |2 rdacontenido 
337 |a sin mediación  |b n  |2 rdamedio 
338 |a volumen  |b nc  |2 rdasoporte 
440 1 |a [Précis de Technique Opératoire ;  |v 5) 
561 |a Ex libris de Arturo Chávez Hayhoe 
561 |a Ex libris de Bibl. Magnopontanae Domus Scti. Ioseph. Prov. Mex. Sept. S.I. 
649 |a XX 
650 |a Abdomen -  |x Cirugía 
650 |a Anatomía Humana 
650 |a Cirugía -  |x Tema Principal 
650 |a Salud 
650 |a Medicina 
910 |a Fondo General 
920 |a Impresos - Libros 
930 |a Libros Antiguos y Raros 
905 |a 108 
901 |a 0500259846  |b IT2  |c LRA  |i D75139  |u 20250526 
902 |a https://opac.biblio.iteso.mx/vufind/Record/000365662